LEADER 00933nam0-22003131i-450 001 990005054530403321 005 20221118135647.0 035 $a000505453 035 $aFED01000505453 035 $a(Aleph)000505453FED01 035 $a000505453 100 $a19990530g18969999km-y0itay50------ba 101 0 $aita 105 $ay-------001yy 200 1 $a<>rime$fdi Dante da Maiano$gristampate ed illustrate da Giovanni Bertacchi 210 $aBergamo$cIst. Ital. d'Arti Grafiche$d1896. 215 $a77 p.$d21 cm 225 1 $aBiblioteca storica della letteratura italiana$v2 700 1$aDante :$cda Maiano$0396253 702 1$aBertacchi,$bGiovanni$f<1869-1942> 801 0$aIT$bUNINA$gRICA$2UNIMARC 901 $aBK 912 $a990005054530403321 952 $aBIB. BAT.6056$b5879$fBAT 952 $a851.1 DANM 01$bFil.Mod. 5774$fFLFBC 959 $aFLFBC 959 $aBAT 996 $aRime$9136096 997 $aUNINA LEADER 02492nas 2200589-a 450 001 9910133093403321 005 20260218111308.0 035 $a(DE-599)ZDB2089164-7 035 $a(CKB)110978977743769 035 $a(CONSER)---89649707- 035 $a(DE-599)2089164-7 035 $a(EXLCZ)99110978977743769 100 $a19880115a19869999 -f- a 101 0 $aeng 181 $ctxt$2rdacontent 182 $cc$2rdamedia 183 $acr$2rdacarrier 200 10$aAnnual report /$fPacific Salmon Commission 210 $aVancouver $cThe Commission$d1986- 215 $a1 online resource 300 $a"Established by treaty between Canada and the United States, March 17, 1985 for the conservation, management and optimum production of Pacific salmon." 311 08$aPrint version: Annual report / 0842-2702 (DLC) 89649707 (OCoLC)17350394 517 1 $aPacific Salmon Commission ... annual report 517 1 $aPSC annual report 531 $aPACIFIC SALMON COMMISSION ANNUAL REPORT 531 0 $aAnnu. rep.- Pac. Salmon Comm. 606 $aPacific salmon fisheries$zBritish Columbia$zFraser River Watershed$vPeriodicals 606 $aPacific salmon fisheries$zBritish Columbia$zPacific Coast$vPeriodicals 606 $aPacific salmon fisheries$zPacific Coast (U.S.)$vPeriodicals 606 $aSaumons du Pacifique$xPêche commerciale$zColombie-Britannique$zFraser, Bassin du$vPériodiques 606 $aSaumons du Pacifique$xPêche commerciale$zColombie-Britannique$zPacifique, Côte du$vPériodiques 606 $aSaumons du Pacifique$xPêche commerciale$zPacifique, Côte du (États-Unis)$vPériodiques 606 $aPacific salmon fisheries$2fast$3(OCoLC)fst01050073 607 $aBritish Columbia$zFraser River Watershed$2fast 607 $aBritish Columbia$zPacific Coast$2fast 607 $aUnited States$zPacific Coast$2fast 608 $aPeriodicals.$2fast 608 $aAnnual reports.$2lcgft 615 0$aPacific salmon fisheries 615 0$aPacific salmon fisheries 615 0$aPacific salmon fisheries 615 6$aSaumons du Pacifique$xPêche commerciale 615 6$aSaumons du Pacifique$xPêche commerciale 615 6$aSaumons du Pacifique$xPêche commerciale 615 7$aPacific salmon fisheries. 676 $a354.7110082/362 712 02$aPacific Salmon Commission. 906 $aJOURNAL 912 $a9910133093403321 920 $aexl_impl conversion 996 $aAnnual report$9162222 997 $aUNINA